000 00639nam a22002172 4500
001 0000013068
005 20151217152121.0
008 090526s xx 000 0 eng d
020 _a8122419467 :
040 _aKABU
_cKABU
100 1 _aDe, A. K.
_@0000170171
245 1 0 _aEnvironmental chemistry /
_cA. K. De; revised by Arnab Kumar De.
250 _a6th ed.
260 _aNew Delhi :
_bNew Age,
_c2006.
300 _axvi, 339 p.
650 0 _aEnvironmental chemistry.
_@0000154237
700 1 _aDe, Arnab Kumar.
_@0000170172
852 1 _9p3500 KES
908 _a090526
950 _@1
999 _c8432
_d8432